Diseño de un regulador automático de voltaje

Salvato in:
Dettagli Bibliografici
Autore principale: Ureña Bogantes, Manuel de J.
Natura: Libro
Pubblicazione: [San José , Costa Rica] 1971
Tags: Aggiungi Tag
Nessun Tag, puoi essere il primo ad aggiungerne!!

MARC

LEADER 00000nam a2200000Ia 4500
003 PIE131
005 20231116093009.0
008 140116s1971 c a m 000 ||s d
040 |c cru CEDI 
090 |a PIE-131 
100 |a Ureña Bogantes, Manuel de J.  |9 18218 
245 |a Diseño de un regulador automático de voltaje 
260 |a  [San José , Costa Rica]  |c 1971 
300 |a 38 hojas ; ilustraciones 
500 |a A la cabeza de la portada. Universidad de Costa Rica. Escuela de Ingeniería Proyecto Eléctrico 
942 |c PIE  |h PIE-131  |i PIE131  |6 PIE_131_PIE131 
999 |c 13481  |d 13481